Maori Names of New Zealand Cities - Statistics

General Stats
  • This quiz has been taken 8 times
  • The average score is 5 of 15
Answer Stats
English Name Maori Name % Correct
Tauranga* Tauranga
88%
Whanganui* Whanganui
88%
Rotorua* Rotorua
75%
Auckland Tāmaki Makaurau
75%
Whangārei* Whangārei
75%
Christchurch Ōtautahi
50%
Hamilton Kirikiriroa
38%
Napier-Hastings Ahuriri / Heretaunga
13%
Nelson Whakatū
13%
New Plymouth Ngāmotu
0%
Dunedin Ōtepoti
0%
Palmerston North Te Papaioea
0%
Wellington Te Whanganui-a-Tara
0%
Gisborne Tūranga-nui-a-Kiwa
0%
Invercargill Waihōpai
0%
No matching quizzes found
Score Distribution
Percent of People with Each Score
Percentile by Number Answered
Your Score History
You have not taken this quiz